<?xml version="1.0" encoding="UTF-8"?>
<collection xmlns="http://www.loc.gov/MARC21/slim">
  <record>
    <leader>00000nam  2200000   4500</leader>
    <controlfield tag="001">INLIS000000000014650</controlfield>
    <controlfield tag="005">20220925030153</controlfield>
    <datafield tag="035" ind1="#" ind2="#">
      <subfield code="a">0010-0922001412</subfield>
    </datafield>
    <datafield tag="245" ind1="1" ind2="#">
      <subfield code="a">SISTEM INFORMASI BARANG MILIK DAERAH ''SIMBA MIDA''  Sekretariat Daerah Kota Tarakan Kalimantan Utara /</subfield>
      <subfield code="c">MUHAMMADONG,S.S.,M.Si</subfield>
    </datafield>
    <datafield tag="100" ind1="1" ind2="#">
      <subfield code="a">MUHAMMADONG</subfield>
    </datafield>
    <datafield tag="250" ind1="#" ind2="#">
      <subfield code="a">1</subfield>
    </datafield>
    <datafield tag="300" ind1="#" ind2="#">
      <subfield code="a">49 halaman ; lampiran :</subfield>
      <subfield code="b">ilustrasi ;</subfield>
      <subfield code="c">30 cm</subfield>
    </datafield>
    <datafield tag="260" ind1="#" ind2="#">
      <subfield code="a">Samarinda :</subfield>
      <subfield code="b">Puslatbang KDOD,</subfield>
      <subfield code="c">2021</subfield>
    </datafield>
    <datafield tag="084" ind1="#" ind2="#">
      <subfield code="a">PKA 113 2021</subfield>
    </datafield>
    <datafield tag="650" ind1="#" ind2="4">
      <subfield code="a">Proyek Perubahan</subfield>
    </datafield>
    <datafield tag="650" ind1="#" ind2="4">
      <subfield code="a">Administrator</subfield>
    </datafield>
    <datafield tag="650" ind1="#" ind2="4">
      <subfield code="a">sistem informasi</subfield>
    </datafield>
    <datafield tag="650" ind1="#" ind2="4">
      <subfield code="a">teknologi informasi</subfield>
    </datafield>
    <datafield tag="650" ind1="#" ind2="4">
      <subfield code="a">manajemen database</subfield>
    </datafield>
    <datafield tag="650" ind1="#" ind2="4">
      <subfield code="a">digitalisasi arsip</subfield>
    </datafield>
    <datafield tag="650" ind1="#" ind2="4">
      <subfield code="a">barang milik negara</subfield>
    </datafield>
    <datafield tag="650" ind1="#" ind2="4">
      <subfield code="a">aset negara</subfield>
    </datafield>
    <datafield tag="500" ind1="#" ind2="#">
      <subfield code="a">Laporan proyek perubahan ini menjelaskan belum optimalnya inventarisasasi pencatatan data-data dan dokumen tentang barang atau aset pada kantor Sekretariat Daerah Kota Tarakan. Inovasi Sistem Informasi Barang Milik Daerah ( SIMBA MIDA) membuat agar pencatatan dan control barang milik daerah dapat berjalan lebih baik, tidak menggunakan kartu inventaris barang, namun dengan sistem berbasis daerah yang menjadi tolak ukur akuntabilitas institusi dimana pengelolaan aset perlu mendapatkan dukungan operasional melalui teknologi informasi sehingga mengurangi temuan BPK dalam hal pengadministrasian barang aset daerah</subfield>
    </datafield>
    <datafield tag="500" ind1="#" ind2="#">
      <subfield code="a">Coach : M. Harry Rahmadi&#13;
Penguji : Dr. Rahmat, MA&#13;
Mentor : Ir. H. Jamaludin</subfield>
    </datafield>
    <datafield tag="990" ind1="#" ind2="#">
      <subfield code="a">PKA/113/2021</subfield>
    </datafield>
  </record>
</collection>
